[Event "GER-chT WK U18 4th playoff"]
[Site "Kiel"]
[Date "2008.03.29"]
[Round "8.7"]
[White "Zysk, Moritz"]
[Black "Dardaillon, Marcel"]
[Result "1-0"]
[WhiteElo "1295"]
[BlackElo "831"]
[PlyCount "93"]
[EventDate "2008.03.29"]
[EventType "team-swiss"]
[EventRounds "7"]
[EventCountry "GER"]
[SourceTitle "EXT 2010"]
[Source "ChessBase"]
[SourceDate "2010.11.25"]
[SourceVersion "1"]
[SourceVersionDate "2010.11.25"]
[SourceQuality "1"]

1. d4 c5 2. d5 e6 3. c4 exd5 4. cxd5 d6 5. e4 Be7 6. Nc3 Nf6 7. Nf3 Bg4 8. Be2 0-0 9. Bf4 Nbd7 10. 0-0 Rc8 11. Nb5 Qb6 12. a4 a6 13. a5 Qd8 14. Nxd6 Bxd6 15. Bxd6 Re8 16. Nd2 Bxe2 17. Qxe2 Ne5 18. Bxe5 Rxe5 19. Qc4 Qe7 20. f3 Rd8 21. Nb3 Nd7 22. Rfd1 Qd6 23. Rac1 Rh5 24. h3 Qg3 25. Kf1 Rg5 26. Qe2 Rc8 27. Qf2 Qxf2+ 28. Kxf2 c4 29. f4 Rg6 30. Nd2 h6 31. Rxc4 Rxc4 32. Nxc4 b6 33. axb6 Nxb6 34. Nxb6 Rxb6 35. d6 Rxb2+ 36. Ke1 Rb8 37. e5 Kf8 38. Rc1 Ke8 39. Rc7 Rb1+ 40. Kf2 Rb2+ 41. Kg3 Rb3+ 42. Kh2 a5 43. Re7+ Kd8 44. Rxf7 a4 45. Ra7 a3 46. e6 Re3 47. Ra8# 1-0